000
00191nam a22000977a 4500
082
_a
001
_b
MAN/B
245
_a
BRITANNICA
260
_a
NEW DELHI
_b
MALAYALA MANORAMA
300
_b
CD
942
_c
BK
999
_c
7943
_d
7943